[Event "English Online Blitz Gp2"]
[Site "chess.com INT"]
[Date "2020.05.09"]
[Round "9"]
[White "Miller, George"]
[Black "Alizada, Eldar"]
[Result "0-1"]
[WhiteElo "1815"]
[BlackElo "1922"]
[WhiteFideId "343114090"]
[BlackFideId "464104"]
[EventDate "2020.05.09"]
[EventType "blitz"]

1. d4 Nf6 2. Nf3 d5 3. g3 e6 4. Bg2 Be7 5. O-O O-O 6. c4 b6 7. Nc3 Bb7 8. cxd5
Nxd5 9. Nd2 c5 10. e4 cxd4 11. Nxd5 exd5 12. e5 Nc6 13. f4 Nb4 14. Nf3 d3 15.
Be3 Nc2 16. Rc1 Nxe3 17. Qxd3 Nxf1 18. Rxf1 Rc8 19. h4 Qc7 20. Nd4 Qc4 0-1

[Event "English Online Blitz Gp2"]
[Site "chess.com INT"]
[Date "2020.05.09"]
[Round "9"]
[White "Llewellyn, Alan M"]
[Black "Patel, Zain"]
[Result "1-0"]
[WhiteElo "1460"]
[BlackElo "1314"]
[WhiteFideId "422479"]
[BlackFideId "469246"]
[EventDate "2020.05.09"]
[EventType "blitz"]

1. c4 Nf6 2. Nc3 g6 3. e4 Bg7 4. e5 Nh5 5. Be2 Bxe5 6. Bxh5 Bxc3 7. bxc3 gxh5 8.
Qxh5 O-O 9. Nf3 Nc6 10. Ng5 Kg7 11. Qxh7+ Kf6 12. Qh6+ Kf5 13. g4+ Kxg4 14. Rg1+
Kf5 15. Qh7+ Ke5 16. d4+ Kd6 17. Bf4+ e5 18. dxe5+ Nxe5 19. O-O-O+ Kc5 20. Bxe5
Kxc4 21. Rd4+ Kb5 22. Qd3+ Kc5 23. Qc4+ Kb6 24. Qb4+ Kc6 25. Rc4+ Kd5 26. Qc5# 1-0

[Event "English Online Blitz Gp2"]
[Site "chess.com INT"]
[Date "2020.05.09"]
[Round "9"]
[White "Kalavannan, Koby"]
[Black "Stoyanov, Viktor"]
[Result "1-0"]
[WhiteTitle "FM"]
[WhiteElo "2324"]
[BlackElo "2240"]
[WhiteFideId "425753"]
[BlackFideId "450308"]
[EventDate "2020.05.09"]
[EventType "blitz"]

1. d4 Nf6 2. c4 g6 3. Nc3 d5 4. cxd5 Nxd5 5. Bd2 Bg7 6. e4 Nxc3 7. Bxc3 O-O 8.
Qd2 c5 9. d5 Bxc3 10. bxc3 e6 11. Bc4 Qd6 12. Nf3 e5 13. Qh6 f6 14. h4 b5 15. h5
gxh5 16. Rxh5 Rf7 17. Rg5+ Kh8 18. Nxe5 Qxe5 19. Rxe5 fxe5 20. Bxb5 Bd7 21. Bc6
Nxc6 22. dxc6 Be8 23. Rd1 Rc8 24. Qe6 Rfc7 25. Qxe5+ Kg8 26. Rd8 Kf8 27. Qxe8+ 1-0

[Event "English Online Blitz Gp2"]
[Site "chess.com INT"]
[Date "2020.05.09"]
[Round "9"]
[White "Varney, Zoe"]
[Black "Gallagher, Daniel GH"]
[Result "0-1"]
[WhiteElo "1917"]
[BlackElo "2205"]
[WhiteFideId "436135"]
[BlackFideId "436550"]
[EventDate "2020.05.09"]
[EventType "blitz"]

1. e4 Nc6 2. Nf3 d6 3. d4 Nf6 4. Nc3 g6 5. Bc4 Bg7 6. O-O O-O 7. Be3 e5 8. d5
Ne7 9. Qd2 Ng4 10. Bg5 f6 11. Bh4 Nh6 12. h3 Nf7 13. Nh2 g5 14. Bg3 h5 15. h4 g4
16. f3 f5 17. fxg4 f4 18. Bf2 hxg4 19. g3 Bh6 20. Qe2 f3 21. Qe1 Ng6 22. Be3
Bxe3+ 23. Qxe3 Nxh4 24. gxh4 Qxh4 25. Nd1 Qg3+ 0-1

[Event "English Online Blitz Gp2"]
[Site "chess.com INT"]
[Date "2020.05.09"]
[Round "9"]
[White "Haria, Ravi"]
[Black "Williams, Simon K"]
[Result "1-0"]
[WhiteTitle "IM"]
[BlackTitle "GM"]
[WhiteElo "2440"]
[BlackElo "2464"]
[WhiteFideId "415820"]
[BlackFideId "404454"]
[EventDate "2020.05.09"]
[EventType "blitz"]

1. e4 e6 2. d4 b6 3. Nf3 Bb7 4. Bd3 d6 5. c3 Nd7 6. Nbd2 g6 7. O-O Bg7 8. Re1
Ngf6 9. Qe2 e5 10. a4 a6 11. b3 O-O 12. dxe5 dxe5 13. Ba3 Re8 14. Bc4 Nh5 15. g3
Nf8 16. Rad1 Qf6 17. Nf1 Ne6 18. Rd7 Rac8 19. h4 Bh6 20. N1h2 Nhf4 21. gxf4 Nxf4
22. Qf1 Ne6 23. Ng4 Qxf3 24. Nxh6+ Kg7 25. Rxf7+ Kxh6 26. Rxf3 Nf4 27. Bc1 Rf8
28. Qg2 Rce8 29. Qg5+ Kg7 30. Bxf4 exf4 31. Rxf4 1-0

[Event "English Online Blitz Gp2"]
[Site "chess.com INT"]
[Date "2020.05.09"]
[Round "9"]
[White "Arkell, Keith C"]
[Black "Stepanyan, Henrik"]
[Result "0-1"]
[WhiteTitle "GM"]
[WhiteElo "2429"]
[BlackElo "2196"]
[WhiteFideId "400270"]
[BlackFideId "401030"]
[EventDate "2020.05.09"]
[EventType "blitz"]

1. d4 d5 2. c4 e6 3. cxd5 exd5 4. Nf3 c5 5. Nc3 Nc6 6. g3 Nf6 7. Bg2 Be7 8. O-O
O-O 9. dxc5 Bxc5 10. Bg5 d4 11. Bxf6 Qxf6 12. Nd5 Qd8 13. Nd2 Re8 14. Nb3 Bb6
15. Qd2 Bg4 16. Rfe1 h6 17. h3 Be6 18. Nf4 Bxb3 19. axb3 Ba5 20. Rxa5 Nxa5 21.
Qd3 Rc8 22. b4 Nc6 23. Nd5 Re5 24. Qb3 Qe8 25. Bf3 Qd7 26. h4 Rd8 27. Nf4 Rb5
28. Nd3 a5 29. Bxc6 Qxc6 30. Qa4 axb4 31. Rc1 Qa6 32. Qb3 Qe6 33. Qd1 b6 34. Nf4
Qe4 35. h5 Rc5 36. Ra1 Qc2 37. Nd3 Qxd1+ 38. Rxd1 b3 39. Kf1 Rxh5 40. Kg2 Ra5
41. Rc1 Re8 42. Kf3 Rf5+ 43. Nf4 g5 44. Kg4 Rc5 0-1

[Event "English Online Blitz Gp2"]
[Site "chess.com INT"]
[Date "2020.05.09"]
[Round "9"]
[White "Cooper, Lawrence H"]
[Black "Pein, Malcolm"]
[Result "1-0"]
[WhiteTitle "IM"]
[BlackTitle "IM"]
[WhiteElo "2331"]
[BlackElo "2309"]
[WhiteFideId "401536"]
[BlackFideId "400289"]
[EventDate "2020.05.09"]
[EventType "blitz"]

1. d4 Nf6 2. c4 c5 3. d5 d6 4. Nc3 g6 5. e4 Bg7 6. Be2 O-O 7. Bg5 b5 8. cxb5 a6
9. bxa6 Qa5 10. Qd2 Bxa6 11. Bxa6 Qxa6 12. Nge2 Nbd7 13. O-O Rfb8 14. b3 c4 15.
Rab1 Nc5 16. Bxf6 Bxf6 17. b4 Nd3 18. b5 Qb6 19. a4 Nc5 20. Qa2 Nb3 21. Rbd1 Qa5
22. Qc2 Qb4 23. Rb1 Qc5 24. Rfd1 Nd4 25. Nxd4 Bxd4 26. Na2 c3 27. Nb4 Bxf2+ 28.
Qxf2 Rxa4 29. Qxc5 dxc5 30. Nc6 c2 31. Nxb8 Rb4 32. Rbc1 cxd1=Q+ 33. Rxd1 Rxe4
34. Nc6 Kf8 35. b6 1-0

[Event "English Online Blitz Gp2"]
[Site "chess.com INT"]
[Date "2020.05.09"]
[Round "9"]
[White "Rizvi, Nasir"]
[Black "Josse, Mark"]
[Result "1-0"]
[BlackTitle "CM"]
[WhiteElo "1989"]
[BlackElo "2235"]
[WhiteFideId "1800540"]
[BlackFideId "414476"]
[EventDate "2020.05.09"]
[EventType "blitz"]

1. d4 d5 2. Nc3 Nf6 3. Bf4 a6 4. e3 c5 5. dxc5 Nc6 6. Nf3 Bg4 7. a3 e5 8. Bg5
Bxc5 9. Bxf6 gxf6 10. Qxd5 Qe7 11. Qc4 Be6 12. Qh4 O-O-O 13. Qa4 Kb8 14. Bxa6
bxa6 15. Qxc6 Ka7 16. O-O Rc8 17. Qa4 Bb6 18. Rfd1 Kb7 19. Ne4 Rc6 20. Rac1 Rg8
21. c4 Bg4 22. Kh1 f5 23. c5 fxe4 24. cxb6 Rxc1 25. Rxc1 Bxf3 26. gxf3 Kb8 27.
Qxe4 Qb7 28. Qxe5+ Ka8 29. Qe4 Qxe4 30. fxe4 Kb7 31. Rg1 Rd8 32. Rg7 Rd7 33.
Rxh7 Kxb6 34. h4 Rd2 35. Rxf7 Rxb2 36. h5 Rb5 37. Rf5 Rb3 38. h6 Kc7 39. h7 Rb8
40. Rf7+ Kd6 41. Rg7 Ke5 42. Rg8 Rb1+ 43. Kg2 Kxe4 44. h8=Q 1-0

[Event "English Online Blitz Gp2"]
[Site "chess.com INT"]
[Date "2020.05.09"]
[Round "9"]
[White "Pert, Richard G"]
[Black "Golding, James"]
[Result "1-0"]
[WhiteTitle "IM"]
[WhiteElo "2416"]
[BlackElo "2067"]
[WhiteFideId "404748"]
[BlackFideId "427250"]
[EventDate "2020.05.09"]
[EventType "blitz"]

1. d4 d5 2. Nf3 c5 3. dxc5 Nc6 4. e4 e6 5. Nc3 Nf6 6. e5 Nd7 7. Bf4 Bxc5 8. Bd3
O-O 9. Bxh7+ Kh8 10. Ng5 g6 11. Qe2 Kg7 12. h4 Nd4 13. Qd3 Nf5 14. h5 Nxe5 15.
Bxe5+ f6 16. h6+ Kh8 17. Bxg6 fxe5 18. Nf7+ Rxf7 19. Bxf7 Qf6 20. Bh5 e4 21. Qe2
e3 22. O-O-O exf2 23. Kb1 Bd7 24. Bf3 Ng3 25. Qd3 Nxh1 26. Rxh1 Bc6 27. Nd1 e5
28. Bxd5 Rd8 29. c4 Bxd5 30. cxd5 e4 31. Qxe4 Bd4 32. Nxf2 Bxf2 33. Rf1 Rf8 34.
Qc2 Qf5 35. Qxf5 Rxf5 36. g4 Rf4 37. Kc2 Bg3 38. Rg1 Rxg4 39. Kd3 Rg6 40. Ke4
Kh7 41. Kf5 Rb6 42. Rxg3 1-0

[Event "English Online Blitz Gp2"]
[Site "chess.com INT"]
[Date "2020.05.09"]
[Round "9"]
[White "Mortazavi, Ali"]
[Black "Hebden, Mark L"]
[Result "1/2-1/2"]
[WhiteTitle "IM"]
[BlackTitle "GM"]
[WhiteElo "2333"]
[BlackElo "2453"]
[WhiteFideId "401323"]
[BlackFideId "400084"]
[EventDate "2020.05.09"]
[EventType "blitz"]

1. b3 e5 2. Bb2 d6 3. e4 Nf6 4. Nc3 g6 5. g3 Bg7 6. Bg2 O-O 7. Nge2 c6 8. O-O d5
9. exd5 cxd5 10. d4 e4 11. a4 Nc6 12. Ba3 Re8 13. Nb5 Bg4 14. h3 Bxe2 15. Qxe2
a6 16. Nd6 Re7 17. Rfd1 Rd7 18. c3 Bf8 19. Nxb7 Rxb7 20. Bxf8 Qxf8 21. b4 Qd6
22. Bf1 Ne7 23. h4 Qe6 24. b5 axb5 25. axb5 Rc8 26. Ra6 Qf5 27. Qd2 Ng4 28. Bh3
Rxc3 29. Rda1 Rc8 30. Ra8 Rxb5 31. Rxc8+ Qxc8 32. Qe2 Qb7 33. Qxg4 Nf5 34. Qg5
Rb1+ 35. Rxb1 Qxb1+ 36. Kg2 Nxd4 37. Qd8+ Kg7 38. Qxd5 Qb6 39. Qxe4 Qc6 40. Qxc6
Nxc6 41. Bd7 Ne7 42. Ba4 f5 43. Bc2 Kf6 44. Kf3 Ke5 45. Bb3 h6 46. Ke3 Nd5+ 47.
Bxd5 Kxd5 48. Kf4 Ke6 49. g4 fxg4 50. Kxg4 Ke5 51. f4+ Ke4 52. h5 gxh5+ 53. Kxh5
Kxf4 54. Kxh6 1/2-1/2

[Event "English Online Blitz Gp2"]
[Site "chess.com INT"]
[Date "2020.05.09"]
[Round "9"]
[White "Tan, Justin2"]
[Black "Harvey, Marcus R"]
[Result "1/2-1/2"]
[WhiteTitle "GM"]
[BlackTitle "FM"]
[WhiteElo "2496"]
[BlackElo "2440"]
[WhiteFideId "3206882"]
[BlackFideId "400092"]
[EventDate "2020.05.09"]
[EventType "blitz"]

1. d4 Nf6 2. c4 e6 3. Nc3 Bb4 4. e3 O-O 5. Bd3 d5 6. Nf3 c5 7. O-O cxd4 8. exd4
dxc4 9. Bxc4 b6 10. Qe2 Bb7 11. Rd1 Nbd7 12. Bg5 Be7 13. Bd3 Rc8 14. Ne5 Nd5 15.
Bd2 Nxe5 16. dxe5 Nxc3 17. Bxc3 Qc7 18. Rac1 Qc6 19. Qg4 Rfd8 20. Bb1 g6 21.
Rxd8+ Rxd8 22. Re1 a5 23. Be4 Qc4 24. h4 Bxe4 25. Rxe4 Qxa2 26. h5 Qb1+ 27. Re1
Qf5 28. Qxf5 gxf5 29. Re3 h6 30. g4 Bg5 31. Rf3 fxg4 32. Rg3 Kh7 33. Rxg4 Rg8
34. Kf1 Be7 35. Rd4 Rd8 36. Rc4 Rd7 37. Rc6 Bc5 38. Bxa5 Rd1+ 39. Kg2 bxa5 40.
Rxc5 Rd2 41. b3 Rd3 42. Rxa5 Rxb3 43. f3 Kg7 44. Kg3 Rb1 45. Ra4 Rg1+ 46. Kh2
Re1 47. f4 Re3 48. Rb4 Ra3 49. Kg2 Rc3 50. Rd4 Rb3 51. Rc4 Rb2+ 52. Kg3 Rb1 53.
Kg2 Rb3 54. Rd4 Kf8 55. Rd8+ Kg7 56. Rd4 Ra3 57. Rc4 Re3 58. Rb4 Rc3 59. Ra4 Rd3
60. Re4 Rb3 61. Rd4 1/2-1/2

[Event "English Online Blitz Gp2"]
[Site "chess.com INT"]
[Date "2020.05.09"]
[Round "9"]
[White "Rudd, Jack"]
[Black "Haydon, David L"]
[Result "0-1"]
[WhiteTitle "IM"]
[BlackTitle "FM"]
[WhiteElo "2331"]
[BlackElo "2294"]
[WhiteFideId "405736"]
[BlackFideId "415405"]
[EventDate "2020.05.09"]
[EventType "blitz"]

1. d4 c6 2. e4 d5 3. exd5 cxd5 4. c4 Nf6 5. Nc3 dxc4 6. Bxc4 e6 7. Nf3 Be7 8.
O-O O-O 9. Re1 a6 10. Bg5 Nc6 11. Rc1 b5 12. Bd3 Bb7 13. Bb1 Nb4 14. Ne5 Nbd5
15. Qd3 g6 16. Bh6 Re8 17. h4 Nd7 18. h5 Nxe5 19. Rxe5 Bf6 20. hxg6 hxg6 21.
Ree1 Nxc3 22. bxc3 Qd5 23. Qg3 Qh5 24. Bf4 Rac8 25. Be5 Bh4 26. Qh3 Bg5 27. Qxh5
gxh5 28. f4 Bh4 29. Re3 b4 30. c4 Red8 31. Rh3 Be7 32. Rxh5 f6 33. Rh7 Re8 34.
Bxf6 Bxf6 35. Rxb7 Bxd4+ 36. Kf1 Rf8 37. g3 Be3 38. Re1 Bd4 39. Rxe6 Rf6 40.
Rxf6 Bxf6 41. Be4 a5 42. Bd5+ Kh8 43. Rb5 Bc3 44. Ke2 a4 45. Kf3 b3 46. axb3 a3
47. b4 a2 48. Ra5 a1=Q 49. Rxa1 Bxa1 50. b5 Bd4 51. Ke4 Bc5 52. Bc6 Rd8 53. Bd5
Kg7 54. g4 Re8+ 55. Kf5 Rf8+ 56. Ke5 Re8+ 57. Be6 Rd8 58. g5 Kf8 59. f5 Be3 60.
Kf6 Rd1 61. Bd5 Re1 62. g6 Bd4+ 63. Kg5 Rg1+ 64. Kf4 Re1 65. c5 Be3+ 66. Kg4
Rg1+ 67. Bg2 Rxg2+ 68. Kf3 Rc2 69. Kxe3 Rxc5 70. Kf4 Rxb5 71. f6 Rc5 72. Kg4 Rd5
73. Kf4 Ke8 74. Kg4 Rc5 75. Kf4 Rd5 76. Kg4 Kf8 77. Kf4 Rd1 78. Kf5 Rf1+ 79. Ke6
Rf2 80. Ke5 Rg2 81. Kf5 Rg1 82. f7 Kg7 83. Ke6 Rxg6+ 84. Ke7 Rf6 0-1

[Event "English Online Blitz Gp2"]
[Site "chess.com INT"]
[Date "2020.05.09"]
[Round "9"]
[White "Roberson, Peter T"]
[Black "Sygnowski, Tomasz"]
[Result "1-0"]
[WhiteTitle "IM"]
[WhiteElo "2437"]
[BlackElo "2143"]
[WhiteFideId "412384"]
[BlackFideId "1115880"]
[EventDate "2020.05.09"]
[EventType "blitz"]

1. e4 e6 2. d4 d5 3. e5 c5 4. c3 Nc6 5. Nf3 Qb6 6. Be2 Bd7 7. O-O cxd4 8. cxd4
Nh6 9. Bxh6 gxh6 10. Qd2 Rg8 11. Na3 Bb4 12. Qe3 Rg4 13. Nc2 Bf8 14. Rab1 Nb4
15. Nxb4 Qxb4 16. a3 Qb6 17. Rfc1 Rc8 18. Rxc8+ Bxc8 19. Qd3 Re4 20. Qb5+ Qxb5
21. Bxb5+ Bd7 22. Bd3 Rg4 23. Bxh7 Be7 24. Bd3 Bd8 25. h3 Rg8 26. Kf1 Bb6 27. g3
Ke7 28. Ke2 Rc8 29. Kd2 Rf8 30. Ke3 Rc8 31. Nh2 a6 32. Ng4 h5 33. Nf6 Bb5 34.
Rd1 Ba4 35. Rd2 Rh8 36. h4 Bb3 37. Be2 Ba5 38. Rd3 Bc4 39. Rd1 Bxe2 40. Kxe2 Rc8
41. Kd3 Bb6 42. b3 Ba5 43. Ke3 Rc3+ 44. Rd3 Rc1 45. Nxh5 Re1+ 46. Kf3 Ra1 47. b4
Bb6 48. Nf4 Rc1 49. h5 Kf8 50. g4 Kg7 51. g5 Rh1 52. h6+ Kh7 53. Rc3 Bxd4 54.
Rc7 Kg8 55. g6 fxg6 56. Nxg6 Bxe5 57. Nxe5 Rxh6 58. Rxb7 Rh3+ 59. Kg4 Rxa3 60.
Kg5 d4 61. Kg6 Kf8 62. Kf6 Ke8 63. Rb8# 1-0

[Event "English Online Blitz Gp2"]
[Site "chess.com INT"]
[Date "2020.05.09"]
[Round "9"]
[White "Ashworth, Michael"]
[Black "Starley, Robert"]
[Result "1-0"]
[WhiteElo "2012"]
[BlackElo "2084"]
[WhiteFideId "425044"]
[BlackFideId "421006"]
[EventDate "2020.05.09"]
[EventType "blitz"]

1. d4 Nf6 2. c4 e6 3. Nf3 d5 4. Nc3 Be7 5. Bg5 O-O 6. e3 h6 7. Bh4 c6 8. Rc1 b6
9. cxd5 exd5 10. Bd3 Bb7 11. O-O Nbd7 12. Qe2 Rc8 13. Rfd1 Ne4 14. Bxe7 Nxc3 15.
Rxc3 Qxe7 16. Rdc1 Rfe8 17. Ba6 Bxa6 18. Qxa6 Nb8 19. Qd3 f6 20. Qc2 Qe6 21. Ne1
Re7 22. Nd3 Rec7 23. Nf4 Qd6 24. Qf5 c5 25. Qxd5+ Qxd5 26. Nxd5 Rd7 27. Nf4 Rcd8
28. d5 Kf7 29. e4 Na6 30. a3 Nc7 31. Kf1 Nb5 32. Rc4 Nd4 33. Ne2 Nxe2 34. Kxe2
f5 35. f3 Kf6 36. Ke3 fxe4 37. fxe4 Re8 38. Rf1+ Kg6 39. Rf5 Kh7 40. Kf4 g6 41.
Rf6 Kg7 42. Rc6 Rf7+ 43. Ke3 Rd7 44. Kd3 Ree7 45. b4 cxb4 46. axb4 Kf7 47. Kd4
Kg7 48. e5 a5 49. Rxb6 a4 50. d6 Re8 51. Rc7 Rd8 52. Rxd7+ Rxd7 53. e6 Rd8 54.
e7 Re8 55. d7 Rxe7 56. d8=Q Rf7 57. Rd6 a3 58. Rd7 a2 59. Rxf7+ Kxf7 60. Qd7+
Kf6 61. Qa4 a1=Q+ 62. Qxa1 Ke6 63. Qa5 Kd6 64. Qb6+ Kd7 65. Ke5 g5 66. Qb7+ Kd8
67. Ke6 g4 68. Qd7# 1-0

[Event "English Online Blitz Gp2"]
[Site "chess.com INT"]
[Date "2020.05.09"]
[Round "9"]
[White "Walton, Alan J"]
[Black "Reimanis, Ritvars"]
[Result "0-1"]
[WhiteTitle "CM"]
[BlackTitle "FM"]
[WhiteElo "2120"]
[BlackElo "2421"]
[WhiteFideId "409898"]
[BlackFideId "11602988"]
[EventDate "2020.05.09"]
[EventType "blitz"]

1. d4 Nf6 2. Bg5 e6 3. e3 d5 4. Bd3 Nbd7 5. Nf3 Be7 6. Nbd2 b6 7. c3 Bb7 8. O-O
O-O 9. Qb1 c5 10. Ne5 h6 11. Bxf6 Nxf6 12. f4 Ne8 13. Qe1 a5 14. Qg3 Bd6 15.
Ndf3 Ba6 16. Bxa6 Rxa6 17. Ng4 Kh7 18. Qh3 Be7 19. Nfe5 Bf6 20. Nxf6+ Nxf6 21.
f5 Qd6 22. fxe6 Qxe6 23. Qf3 b5 24. Qe2 c4 25. Rf3 Ne4 26. Raf1 f6 27. Rh3 Ng5
28. Rg3 Re8 29. Qh5 fxe5 30. Rxg5 exd4 31. exd4 Rg8 32. Rgf5 b4 33. Rf7 bxc3 34.
bxc3 Qe3+ 35. Kh1 Rg6 36. Qf5 Qg5 37. Qf2 Re8 38. h4 Qg4 39. Rf4 Qe6 40. h5 Rg5
41. Qc2+ Kg8 42. Qf2 Rxh5+ 43. Kg1 Rg5 44. Rf8+ Rxf8 45. Qxf8+ Kh7 46. Qf2 Rg6
47. Re1 Qf6 48. Qc2 h5 49. Rf1 Qg5 50. Rf3 Kh6 51. Rf5 Qg4 52. Qd2+ Kh7 53. Rxd5
Qe4 54. Re5 Qg4 55. Qe2 Qxe2 56. Rxe2 Rg3 57. Rc2 Rd3 58. Kf2 g5 59. Ke2 Kg6 60.
a4 h4 61. Kf2 g4 62. Ke2 Kg5 63. Kf2 Kf4 64. Rc1 Rd2+ 65. Kg1 Kg3 66. Re1 Rxg2+
67. Kh1 Rd2 68. Re3+ Kf4 69. Re8 h3 70. Re7 Rd3 71. Re8 0-1

[Event "English Online Blitz Gp2"]
[Site "chess.com INT"]
[Date "2020.05.09"]
[Round "10"]
[White "Harvey, Marcus R"]
[Black "Haria, Ravi"]
[Result "1/2-1/2"]
[WhiteTitle "FM"]
[BlackTitle "IM"]
[WhiteElo "2440"]
[BlackElo "2440"]
[WhiteFideId "400092"]
[BlackFideId "415820"]
[EventDate "2020.05.09"]
[EventType "blitz"]

1. d4 e6 2. e4 d5 3. exd5 exd5 4. Nf3 Bd6 5. Bd3 Ne7 6. O-O Nbc6 7. Nc3 Bg4 8.
Nb5 Qd7 9. Nxd6+ Qxd6 10. Be2 O-O-O 1/2-1/2

[Event "English Online Blitz Gp2"]
[Site "chess.com INT"]
[Date "2020.05.09"]
[Round "10"]
[White "Greet, Andrew N"]
[Black "Mortazavi, Ali"]
[Result "1-0"]
[WhiteTitle "IM"]
[BlackTitle "IM"]
[WhiteElo "2417"]
[BlackElo "2333"]
[WhiteFideId "405817"]
[BlackFideId "401323"]
[EventDate "2020.05.09"]
[EventType "blitz"]

1. e4 c5 2. d4 cxd4 3. c3 d3 4. Bxd3 Nc6 5. c4 e6 6. Nc3 a6 7. Nf3 Qc7 8. O-O
Nf6 9. h3 h5 10. Re1 Ng4 11. Nd5 Qb8 12. Bf4 Bd6 13. Bxd6 Qxd6 14. hxg4 hxg4 15.
e5 Qc5 16. Nc7+ Kf8 17. Nxa8 gxf3 18. Qxf3 Nxe5 19. Qe3 Nxd3 20. Qxd3 Rh4 21.
Qa3 Qxa3 22. bxa3 b5 23. Nb6 Bb7 24. cxb5 Ke7 25. bxa6 Bxa6 26. Rad1 d6 27. Rc1
Kf6 28. Rc3 g5 29. Rd1 d5 30. Nxd5+ Kg7 31. Nb4 Bb7 32. Rd7 Be4 33. Rc4 1-0

[Event "English Online Blitz Gp2"]
[Site "chess.com INT"]
[Date "2020.05.09"]
[Round "10"]
[White "Williams, Simon K"]
[Black "Kalavannan, Koby"]
[Result "0-1"]
[WhiteTitle "GM"]
[BlackTitle "FM"]
[WhiteElo "2464"]
[BlackElo "2324"]
[WhiteFideId "404454"]
[BlackFideId "425753"]
[EventDate "2020.05.09"]
[EventType "blitz"]

1. d4 Nf6 2. Nf3 g6 3. Bf4 Bg7 4. Nc3 d5 5. e3 c6 6. Be2 Bg4 7. Ne5 Bxe2 8. Qxe2
Nbd7 9. O-O O-O 10. a4 Nh5 11. Nxd7 Qxd7 12. Rad1 Rfe8 13. Bg3 Nxg3 14. hxg3 e5
15. dxe5 Bxe5 16. Rd3 Qe7 17. Qd2 Kg7 18. b3 h5 19. Ne2 Rad8 20. Nf4 h4 21. g4
Bd6 22. Qd1 Qe5 23. Qf3 Qb2 24. c4 dxc4 25. bxc4 Bc7 26. Rfd1 Qb4 27. Rd7 Rxd7
28. Rxd7 Re7 29. Rxe7 Qxe7 30. Nd3 Qe6 31. c5 Qb3 32. Nf4 Qb1+ 33. Kh2 g5 34.
Kh3 gxf4 35. exf4 Qh1# 0-1

[Event "English Online Blitz Gp2"]
[Site "chess.com INT"]
[Date "2020.05.09"]
[Round "10"]
[White "Taylor, Adam C"]
[Black "Roberson, Peter T"]
[Result "0-1"]
[WhiteTitle "IM"]
[BlackTitle "IM"]
[WhiteElo "2347"]
[BlackElo "2437"]
[WhiteFideId "424668"]
[BlackFideId "412384"]
[EventDate "2020.05.09"]
[EventType "blitz"]

1. d4 Nf6 2. c4 e6 3. Nc3 Bb4 4. e3 O-O 5. Bd3 d5 6. Nf3 c5 7. O-O cxd4 8. exd4
dxc4 9. Bxc4 b6 10. Bg5 Bb7 11. Ne5 Nbd7 12. Nxd7 Qxd7 13. Bxf6 gxf6 14. Bd3 f5
15. Qh5 Qxd4 16. Ne2 Qg7 17. g3 Rfd8 18. Rfd1 Rd7 19. Bc4 Rad8 20. Rxd7 Rxd7 21.
Nf4 Rd4 22. Bxe6 Rxf4 23. Bxf7+ Kh8 24. Be6 Re4 25. Bxf5 Re5 26. g4 Be4 27. Re1
Bxe1 0-1

[Event "English Online Blitz Gp2"]
[Site "chess.com INT"]
[Date "2020.05.09"]
[Round "10"]
[White "Boyd, John"]
[Black "Grieve, Harry"]
[Result "0-1"]
[BlackTitle "FM"]
[WhiteElo "2212"]
[BlackElo "2355"]
[WhiteFideId "405132"]
[BlackFideId "426520"]
[EventDate "2020.05.09"]
[EventType "blitz"]

1. e4 c5 2. Nf3 e6 3. d4 cxd4 4. Nxd4 Nc6 5. Be2 Qc7 6. O-O Nf6 7. Nc3 a6 8. Kh1
b5 9. a3 Bb7 10. f4 Nxd4 11. Qxd4 Bc5 12. Qd3 d6 13. Bf3 Rd8 14. Be3 O-O 15.
Rad1 Rd7 16. Qe2 Rfd8 17. Bxc5 Qxc5 18. e5 Bxf3 19. Rxf3 dxe5 20. Rxd7 Rxd7 21.
fxe5 Ng4 22. Rf1 Nxe5 23. Ne4 Qd4 24. c3 Qd3 25. Qe1 Qd5 26. Qe2 Qc4 27. Qe1 Nd3
28. Qe3 Qxe4 29. Qxe4 Nf2+ 0-1

[Event "English Online Blitz Gp2"]
[Site "chess.com INT"]
[Date "2020.05.09"]
[Round "10"]
[White "Gallagher, Daniel GH"]
[Black "Davis, Holden"]
[Result "0-1"]
[WhiteElo "2205"]
[BlackElo "1882"]
[WhiteFideId "436550"]
[BlackFideId "440019"]
[EventDate "2020.05.09"]
[EventType "blitz"]

1. e4 e6 2. d4 d5 3. Nd2 Nf6 4. e5 Nfd7 5. Bd3 c5 6. c3 Nc6 7. Ngf3 cxd4 8. cxd4
f6 9. exf6 Nxf6 10. O-O Bd6 11. b3 O-O 12. Bb2 a6 13. Re1 Bd7 14. Ne5 Nb4 15.
Bb1 Be8 16. a3 Bh5 17. g4 Nxg4 18. axb4 Bxe5 19. Rxe5 Qh4 20. Rxh5 Qxh5 21. Nf3
Rxf3 22. Qxf3 Qxh2+ 23. Kf1 Rf8 24. Bxh7+ Qxh7 25. Qxg4 Qd3+ 26. Kg2 Rf6 27. Rd1
Qc2 28. Qh5 Rxf2+ 29. Kg3 Rg2+ 30. Kf4 Qe4# 0-1

[Event "English Online Blitz Gp2"]
[Site "chess.com INT"]
[Date "2020.05.09"]
[Round "10"]
[White "Stepanyan, Henrik"]
[Black "Tan, Justin2"]
[Result "0-1"]
[BlackTitle "GM"]
[WhiteElo "2196"]
[BlackElo "2496"]
[WhiteFideId "401030"]
[BlackFideId "3206882"]
[EventDate "2020.05.09"]
[EventType "blitz"]

1. d4 d5 2. c4 e6 3. Nf3 a6 4. g3 dxc4 5. Bg2 b5 6. O-O Bb7 7. a4 Nd7 8. b3 cxb3
9. Qxb3 b4 10. Bf4 Ngf6 11. Nbd2 Be7 12. Rfc1 Nd5 13. Nc4 Nxf4 14. gxf4 c5 15.
dxc5 Bxc5 16. Rd1 Qe7 17. Rac1 O-O 18. Nce5 Nxe5 19. Nxe5 Bxg2 20. Kxg2 Rac8 21.
Nd7 Rfe8 22. Qc4 Red8 23. Qxa6 Ra8 24. Qb5 Bd6 25. Nb6 Rab8 26. a5 Bxf4 27.
Rxd8+ Qxd8 28. Rb1 Qh4 29. h3 Bd6 30. a6 Qe4+ 31. f3 Qg6+ 32. Kf2 Bg3+ 33. Kg2
Bc7+ 0-1

[Event "English Online Blitz Gp2"]
[Site "chess.com INT"]
[Date "2020.05.09"]
[Round "10"]
[White "Golding, James"]
[Black "Sygnowski, Tomasz"]
[Result "1-0"]
[WhiteElo "2067"]
[BlackElo "2143"]
[WhiteFideId "427250"]
[BlackFideId "1115880"]
[EventDate "2020.05.09"]
[EventType "blitz"]

1. d4 Nf6 2. c4 e6 3. Nf3 d5 4. Nc3 Be7 5. Bg5 O-O 6. e3 a6 7. Rc1 Re8 8. Qc2
Nbd7 9. cxd5 exd5 10. Bd3 Nf8 11. O-O c6 12. Na4 Ne4 13. Bxe7 Qxe7 14. Nb6 Rb8
15. Nd2 Nxd2 16. Qxd2 Bg4 17. h3 Bh5 18. b4 Qg5 19. Be2 Bg6 20. Bf3 Rbd8 21. a4
Ne6 22. Qb2 Qh4 23. Rfd1 Ng5 24. Qe2 Bf5 25. Rc3 Bxh3 26. gxh3 Nxh3+ 27. Kf1 Nf4
28. exf4 Rxe2 29. Kxe2 Qxf4 30. Re3 h6 31. Re1 Qxd4 32. a5 Qxb4 33. Kf1 Qxa5 34.
Re8+ Rxe8 35. Rxe8+ Kh7 36. Nd7 g5 37. Bh5 Kg7 38. Re7 Qa1+ 39. Kg2 Qd4 40.
Rxf7+ Kg8 41. Nf6+ Qxf6 42. Rxf6 a5 43. Rf7 b5 44. Ra7 a4 45. Be8 d4 46. Bxc6 1-0